=LDR 00000nam 2200000 4500 =001 INLIS000000000020683 =005 20130612115622 =008 ***********************************Ind** =035 ##$$0010-061300000020683 =041 ##$$a Ind =082 ##$$a 153.9 =090 ##$$a 153.9, She t =100 ##$$a Sheno, Bambang =245 ##$$a Tebak-rebakan anak cerdas, Bambang =260 ##$$a 2003 $b Jakarta =300 ##$$a 96 hlm, ilus, 18 cm =650 ##$$a Anak Cerdas-tebak-tebakan =850 ##$$a NBPNMAT